| 000 | 00000nas 2200000za 4500 |
| 001 | 9.835229 |
| 003 | CaOODSP |
| 005 | 20250403105906 |
| 007 | cr ||||||||||| |
| 008 | 170413d19891993oncuu m oss f0###|0fre|d |
| 040 | |aCaOODSP|bfre |
| 043 | |an-cn--- |
| 086 | 1 |aCS12-0043F-PDF |
| 130 | 0 |aDocument de travail (Enquête sociale générale (Canada)) |
| 245 | 10|aDocument de travail |h[ressource électronique]. |
| 260 | |a[Ottawa] : |bStatistique Canada, |c1989-1993. |
| 310 | |aIrrégulier |
| 362 | 1 |aParaît depuis no. 1 (1989); ne paraît plus après no. 11 (1993). |
| 500 | |aPubli. aussi en anglais sous le titre : Working paper. |
| 692 | 07|2gccst|aStatistique |
| 710 | 2 |aEnquête sociale générale (Canada) |
| 710 | 2 |aStatistique Canada. |
| 775 | 08|tWorking paper |w(CaOODSP)9.835228 |